000 00555nam a2200193Ia 4500
005 20250508161004.0
008 008 250505s9999 xx 000 0 eng d
037 _aTextual
040 _aFEDL
_beng
_cFEDL
041 _aeng
_2eng
084 _a370.954, CHA
_qFEDL
100 _aChatterjee Kalyan K
_9259782
245 0 _aEnglsh education in India
260 _aMeerut, India
_bThe Macmillan Company of India Limited
_c1976
300 _axii,203p.
650 _aEducation
942 _cTEXL
_h370.954, CHA
999 _c1367787
_d1367787